Targeting Protein-Protein Interactions by Small Molecules

This book comprehensively reviews the state-of-the-art strategies developed for protein-protein interaction (PPI) inhibitors, and highlights the success stories in new drug discovery and development. Consisting of two parts with twelve chapters, it demonstrates the design strategies and case studies...

Full description

Bibliographic Details
Corporate Author: SpringerLink (Online service)
Other Authors: Sheng, Chunquan (Editor, http://id.loc.gov/vocabulary/relators/edt), Georg, Gunda I. (Editor, http://id.loc.gov/vocabulary/relators/edt)
Format: Electronic eBook
Language:English
Published: Singapore : Springer Singapore : Imprint: Springer, 2018.
Edition:1st ed. 2018.
Subjects:
Online Access:Full Text via HEAL-Link
LEADER 04211nam a2200517 4500
001 978-981-13-0773-7
003 DE-He213
005 20191220130541.0
007 cr nn 008mamaa
008 180626s2018 si | s |||| 0|eng d
020 |a 9789811307737  |9 978-981-13-0773-7 
024 7 |a 10.1007/978-981-13-0773-7  |2 doi 
040 |d GrThAP 
050 4 |a RS400-431 
072 7 |a PSB  |2 bicssc 
072 7 |a SCI013020  |2 bisacsh 
072 7 |a PSB  |2 thema 
082 0 4 |a 615.19  |2 23 
245 1 0 |a Targeting Protein-Protein Interactions by Small Molecules  |h [electronic resource] /  |c edited by Chunquan Sheng, Gunda I. Georg. 
250 |a 1st ed. 2018. 
264 1 |a Singapore :  |b Springer Singapore :  |b Imprint: Springer,  |c 2018. 
300 |a XI, 329 p. 132 illus., 100 illus. in color.  |b online resource. 
336 |a text  |b txt  |2 rdacontent 
337 |a computer  |b c  |2 rdamedia 
338 |a online resource  |b cr  |2 rdacarrier 
347 |a text file  |b PDF  |2 rda 
505 0 |a Part 1 Current strategies for the discovery of small-molecule inhibitors of protein-protein interactions -- Overview of Protein-protein Interactions and Small Molecule Inhibitors under Clinical Development -- High throughput screening in the discovery of small molecule inhibitors of protein-protein interactions -- Hot Spot-Based Design of Small-Molecule Inhibitors for Protein-Protein Interactions -- Computational Methods Applicable to the Discovery of Small-Molecule Inhibitors of Protein-Protein Interactions -- Experimental Methods Used for Identifying Small-Molecule Inhibitors of Protein-protein Interaction -- Fragment-based Drug Discovery for Developing Inhibitors of Protein-protein Interactions -- Part 2 Case studies of small-molecule inhibitors of protein-protein interactions -- Small molecule inhibitors targeting new targets of protein-protein interactions -- The Development of New Spirooxindoles Targeting the p53-MDM2 Protein-Protein Interactions for Cancer Therapy -- Small-Molecule Inhibitors for the β-Catenin/T-Cell Factor Protein−Protein Interaction -- Discovery and development of Keap1-Nrf2 protein-protein interaction inhibitors -- BRDT Inhibitors for Male Contraceptive Drug Discovery: Current Status -- Targeting Protein-Protein Interactions in Small GTPases. 
520 |a This book comprehensively reviews the state-of-the-art strategies developed for protein-protein interaction (PPI) inhibitors, and highlights the success stories in new drug discovery and development. Consisting of two parts with twelve chapters, it demonstrates the design strategies and case studies of small molecule PPI inhibitors. The first part discusses various discovery strategies for small molecule PPI inhibitors, such as high throughput screening, hot spot-based design, computational approaches, and fragment-based design. The second part presents recent advances in small molecule inhibitors, focusing on clinical candidates and new PPI targets. This book has broad appeal and is of significant interest to the pharmaceutical science and medicinal chemistry communities. . 
650 0 |a Medicinal chemistry. 
650 0 |a Pharmaceutical technology. 
650 0 |a Bioorganic chemistry. 
650 0 |a Proteins . 
650 1 4 |a Medicinal Chemistry.  |0 http://scigraph.springernature.com/things/product-market-codes/C28000 
650 2 4 |a Pharmaceutical Sciences/Technology.  |0 http://scigraph.springernature.com/things/product-market-codes/B21010 
650 2 4 |a Bioorganic Chemistry.  |0 http://scigraph.springernature.com/things/product-market-codes/C19010 
650 2 4 |a Protein Science.  |0 http://scigraph.springernature.com/things/product-market-codes/L14040 
700 1 |a Sheng, Chunquan.  |e editor.  |4 edt  |4 http://id.loc.gov/vocabulary/relators/edt 
700 1 |a Georg, Gunda I.  |e editor.  |4 edt  |4 http://id.loc.gov/vocabulary/relators/edt 
710 2 |a SpringerLink (Online service) 
773 0 |t Springer eBooks 
776 0 8 |i Printed edition:  |z 9789811307720 
776 0 8 |i Printed edition:  |z 9789811307744 
776 0 8 |i Printed edition:  |z 9789811344961 
856 4 0 |u https://doi.org/10.1007/978-981-13-0773-7  |z Full Text via HEAL-Link 
912 |a ZDB-2-CMS 
950 |a Chemistry and Materials Science (Springer-11644)